[Event "IECG QD.2006.0.00091"]
[Site "IECG email"]
[Date "2006.07.02"]
[Round "?"]
[White "Rezney, Daniel"]
[Black "James, Michael"]
[Result "0-1"]
[WhiteElo "1500"]
[BlackElo "1485"]
[PlyCount "38"]
[EventDate "2006.07.02"]
[EventType "tourn (corr)"]
[EventRounds "2"]
[SourceTitle "Corr 2008"]
[Source "ChessBase"]
[SourceDate "2008.06.24"]
[SourceVersion "1"]
[SourceVersionDate "2008.06.24"]
[SourceQuality "1"]

1. d4 d6 2. e4 Nf6 3. Nc3 g6 4. f4 Bg7 5. Nf3 0-0 6. Bd3 c5 7. dxc5 dxc5 8. 0-0 Nc6 9. Be3 Qa5 10. a3 Ng4 11. Bd2 c4 12. Bxc4 Qc5+ 13. Kh1 Qxc4 14. h3 Bxc3 15. Bxc3 Ne3 16. Nd2 Qxf1+ 17. Qxf1 Nxf1 18. Nxf1 f5 19. e5 Be6 0-1

[Event "IECG QD.2006.0.00091"]
[Site "IECG email"]
[Date "2006.07.02"]
[Round "?"]
[White "Samardzija, Djordje"]
[Black "Rezney, Daniel"]
[Result "1-0"]
[WhiteElo "1572"]
[BlackElo "1500"]
[PlyCount "43"]
[EventDate "2006.07.02"]
[EventType "tourn (corr)"]
[EventRounds "2"]
[SourceTitle "Corr 2008"]
[Source "ChessBase"]
[SourceDate "2008.06.24"]
[SourceVersion "1"]
[SourceVersionDate "2008.06.24"]
[SourceQuality "1"]

1. e4 e5 2. f4 d5 3. exd5 e4 4. d3 Nf6 5. dxe4 Nxe4 6. Nf3 Bc5 7. Qe2 Bf5 8. Nc3 Qe7 9. Be3 Nxc3 10. Bxc5 Nxe2 11. Bxe7 Nxf4 12. Ba3 Nd7 13. 0-0-0 0-0-0 14. Rd4 Ng6 15. g4 Nge5 16. Nxe5 Nxe5 17. gxf5 Nf3 18. Rf4 Ne5 19. f6 gxf6 20. Bh3+ Kb8 21. Rd1 Nc4 22. Rxc4 1-0

[Event "IECG CD.2006.0.00111 email"]
[Site "IECG email"]
[Date "2006.06.21"]
[Round "?"]
[White "Casser, Aaron"]
[Black "Rezney, Daniel"]
[Result "1-0"]
[WhiteElo "1557"]
[BlackElo "1500"]
[PlyCount "42"]
[EventDate "2006.06.21"]
[EventType "tourn (corr)"]
[EventRounds "6"]
[SourceTitle "Corr 2011"]
[Source "ChessBase"]
[SourceDate "2010.08.31"]
[SourceVersion "1"]
[SourceVersionDate "2010.08.31"]
[SourceQuality "1"]

1. e4 e5 2. Nf3 Nc6 3. d4 exd4 4. Nxd4 Bc5 5. Nb3 Bb6 6. Nc3 a6 7. Qe2 Nge7 8. Be3 d6 9. Bxb6 cxb6 10. 0-0-0 0-0 11. Qd2 Be6 12. Qxd6 Qxd6 13. Rxd6 Rfd8 14. Rxd8+ Rxd8 15. Be2 Bxb3 16. cxb3 Ng6 17. Nd5 Nd4 18. Bh5 Rc8+ 19. Kd2 Rd8 20. Rd1 b5 21. g3 f6 1-0

[Event "IECG CD.2006.0.00111 email"]
[Site "IECG email"]
[Date "2006.06.21"]
[Round "?"]
[White "Krupikov, Andrey Viktorovich"]
[Black "Rezney, Daniel"]
[Result "1-0"]
[WhiteElo "1517"]
[BlackElo "1500"]
[PlyCount "83"]
[EventDate "2006.06.21"]
[EventType "tourn (corr)"]
[EventRounds "6"]
[SourceTitle "Corr 2008"]
[Source "ChessBase"]
[SourceDate "2008.06.24"]
[SourceVersion "1"]
[SourceVersionDate "2008.06.24"]
[SourceQuality "1"]

1. e4 e5 2. Nc3 Nf6 3. f4 d5 4. fxe5 Nxe4 5. Nf3 Bc5 6. Qe2 Bf2+ 7. Kd1 Nxc3+ 8. dxc3 Bc5 9. Qb5+ Nd7 10. Bg5 Be7 11. Bxe7 Qxe7 12. Qxd5 0-0 13. Bd3 Nc5 14. b4 Na4 15. Kd2 Rd8 16. Qe4 g6 17. Qh4 Qxh4 18. Nxh4 Be6 19. Nf3 Nb2 20. Rhe1 Bc4 21. Nd4 c6 22. Reb1 Bxd3 23. cxd3 Na4 24. g4 Nb6 25. a4 a5 26. g5 Rd5 27. bxa5 Nd7 28. Rxb7 Nxe5 29. Kc2 Rdxa5 30. Re1 Ng4 31. Nxc6 Rxa4 32. Ree7 Ra2+ 33. Kb3 Rf2 34. h3 h5 35. hxg4 hxg4 36. Re3 Kf8 37. d4 Rf5 38. Ne5 Rxg5 39. Nxf7 Rf5 40. Ne5 Rg5 41. Nd7+ Kg7 42. Re7+ 1-0

[Event "IECG CD.2006.0.00111 email"]
[Site "IECG email"]
[Date "2006.06.21"]
[Round "?"]
[White "Rezney, Daniel"]
[Black "James, Michael"]
[Result "0-1"]
[WhiteElo "1500"]
[BlackElo "1485"]
[PlyCount "37"]
[EventDate "2006.06.21"]
[EventType "tourn (corr)"]
[EventRounds "6"]
[SourceTitle "Corr 2008"]
[Source "ChessBase"]
[SourceDate "2008.06.24"]
[SourceVersion "1"]
[SourceVersionDate "2008.06.24"]
[SourceQuality "1"]

1. d4 d6 2. Nf3 g6 3. e4 Bg7 4. Be2 Nf6 5. 0-0 Nxe4 6. c4 0-0 7. Nc3 Nxc3 8. bxc3 c5 9. Bb2 Nc6 10. d5 Ne5 11. Nxe5 Bxe5 12. g3 Bg7 13. Re1 e5 14. dxe6 Bxe6 15. Qd3 Qb6 16. Rab1 Bf5 17. Qd2 Bxb1 18. Rxb1 Rae8 19. Bd3 0-1